000 01251nam1a22002411i 4500
001 rc\3716300
005 20260406191406.0
035 _a(NLR Aleph) 007859908
090 _a7797905
_c7797905
100 _a20130115d1971 |||y0rusy50 ca
101 0 _arus
102 _aRU
105 _a z |||||
200 1 _aСпециальное математическое обеспечение ЭВМ "Урал-14"
_eВып. 1-
_fМ-во автомоб. транспорта РСФСР. Ордена Труд. Красного Знамени Гл. ленингр. упр. автомоб. транспорта. Вычисл. центр
210 _aЛенинград
_cБ. и.
_d1971
215 _d20
532 1 2 _aСпециальное математическое обеспечение электронных вычислительных машин "Урал-14"
606 _aЦифровые вычислительные машины
_xМатематическое обеспечение
_2psbo
712 0 2 _aЛенинградское главное управление автомобильного транспорта
_9403101
_3RU\NLR\AUTH\889953541
801 0 _aRU
_bNLR
_gpsbo
801 1 _aRU
_bELAR
_2rusmarc
852 _aNLR
_j72-3/1611
942 _cBOOK